Sports Quiz

Random Sports or German Quiz

Player A-Z: Germany National Team Quiz Stats

 Plays Quiz not verified by Sporcle

Score 0/23 Timer 10:00
3 Plays Today
Letter Player % Correct
KKlose, Klinsmann, Kohler...
97.4%
MMatthäus, Maier, Mertesacker...
97%
BBeckenbauer, Ballack, Brehme...
96.4%
SStreich, Schweinsteiger, Schneider…
93.4%
LLahm, Littbarski, Lehner...
93%
NNeuville, Nowotny, Neuer...
90.9%
HHäßler, Helmer, Höttges...
89.6%
RRummenigge, Reuter, Ramelow...
82.7%
GGómez, Gabrowski, Goldbrunner...
80.2%
OOverath, Özil, Odonkor...
79.4%
PPodolski, Pommerenke, Pilz...
74.7%
FFriedrich, Frings, Förster...
68.3%
Letter Player % Correct
VVogts, Völler, Vogel...
58.6%
WWeise, Wörns, Walter...
58.5%
JJanes, Jeremies, Jansen...
56.8%
AAllofs, Asamoah, Augenthaler...
52.1%
DDörner, Dietz, Doll...
48.7%
ZZiege, Zötzsche, Zapf...
48.4%
TThom, Thon, Trochowski...
42.9%
EErnst, Erhardt, Erler...
41.6%
IIllgner, Irmscher, Immel
31.3%
CCroy, Cullmann, Conen...
24.6%
UUrbanczyk, Urban, Ugi...
10.6%

You're not logged in!

Compare scores with friends on all Sporcle quizzes.
OR
Log In

You Might Also Like...

Show Comments

Extras

Top Quizzes Today


Score Distribution

Your Account Isn't Verified!

In order to create a playlist on Sporcle, you need to verify the email address you used during registration. Go to your Sporcle Settings to finish the process.

Report this User

Report this user for behavior that violates our Community Guidelines.

Details: